000 00296nam a22001337a 4500
008 260218b ||||| |||| 00| 0 eng d
020 _a9951050654
041 _aShqip
080 _a711.4
100 _a20.1
101 _aroman
245 _aZhvillimi Rural
_cIbrahim Ramadani
942 _2lcc
_cBK
999 _c60810
_d60810